| 000 | 00000nam 2200000za 4500 |
| 001 | 9.837688 |
| 003 | CaOODSP |
| 005 | 20221107151211 |
| 007 | cr ||||||||||| |
| 008 | 170605s2012 onc #o f000 0 fre d |
| 040 | |aCaOODSP|bfre |
| 043 | |an-cn--- |
| 086 | 1 |aEn4-304/2012F-PDF |
| 245 | 04|a[Le tableau des tests de toxicité sublétale] |h[ressource électronique]. |
| 260 | |a[Ottawa : |bEnvironnement Canada, |c2012] |
| 300 | |a[29] p. |
| 500 | |aPubli. aussi en anglais sous le titre : [Sublethal toxicity test checklists]. |
| 692 | 07|2gccst|aToxicologie |
| 710 | 1 |aCanada. |bEnvironnement Canada. |
| 775 | 08|t[Sublethal toxicity test checklists] |w(CaOODSP)9.837687 |
| 794 | |tLe tableau des tests de toxicité sublétale |w(CaOODSP)9.836096 |
| 856 | 40|qPDF|s487 Ko|uhttps://publications.gc.ca/collections/collection_2017/eccc/En4-304-2012-fra.pdf |